Guess the country by national park - Statistics

General Stats
  • This quiz has been taken 12 times
  • The average score is 10 of 16
Answer Stats
Picture Answer % Correct
Canada
100%
United States
100%
Argentina
88%
Indonesia
88%
Democratic Republic of Congo
75%
Italy
75%
Australia
63%
Ireland
63%
New Zealand
63%
Sri Lanka
63%
Bolivia
50%
Thailand
50%
Uganda
50%
Costa Rica
38%
Croatia
38%
Montenegro
38%
No matching quizzes found
Score Distribution
Percent of People with Each Score
Percentile by Number Answered
Your Score History
You have not taken this quiz